000 00448nam a2200157Ia 4500
008 220216s9999 xx 000 0 und d
100 _aSebastian M Sunny
245 0 _aEffect of vulcanization systems and method of cure on properties of natural rubber latex films
260 _bRubber India
_c2005
300 _a16-Sep
650 _aCure properties
650 _aNR latex films
650 _aVulcanization
700 _aGeorge V
942 _cJS
999 _c58232
_d58232